Statystyki dla Państwa świata z pustą mapą

Kliknij tutaj aby rozwiązać quiz!

Ogólne statystyki

  • Ten quiz został rozwiązany 77 962 razy
    (59 416 od ostatniego zresetowania)
  • Średni wynik to 132 z 196

Odpowiedzi na mapie

Odpowiedzi skodowane kolorowo w zielono-czerwonej skali na mapie do tego quizu, zgodnie z poniższymi procentami.
Ładowanie ...
 

Statystyki odpowiedzi

Kraj% Poprawnych
Polska
98%
Rosja
97%
Stany Zjednoczone
96%
Niemcy
96%
Kanada
95%
Chiny
94%
Francja
94%
Hiszpania
93%
Czechy
93%
Ukraina
93%
Białoruś
92%
Szwecja
92%
Brazylia
92%
Włochy
92%
Słowacja
91%
Meksyk
91%
Finlandia
90%
Norwegia
90%
Portugalia
90%
Australia
90%
Argentyna
90%
Austria
90%
Egipt
89%
Japonia
89%
Litwa
89%
Turcja
88%
Szwajcaria
88%
Łotwa
88%
Grecja
87%
Wielka Brytania
87%
Kazachstan
87%
Dania
87%
Węgry
86%
Słowenia
86%
Chorwacja
86%
Indie
86%
Estonia
86%
Chile
86%
Rumunia
85%
Republika
Południowej Afryki
85%
Irak
84%
Iran
84%
Mongolia
83%
Holandia
82%
Belgia
82%
Kolumbia
81%
Korea Południowa
81%
Peru
81%
Bośnia i Hercegowina
81%
Serbia
81%
Bułgaria
81%
Arabia Saudyjska
81%
Korea Północna
81%
Irlandia
80%
Albania
80%
Maroko
80%
Niger
79%
Mołdawia
79%
Demokratyczna
Republika Konga
79%
Luksemburg
79%
Watykan
78%
Indonezja
78%
Boliwia
78%
Urugwaj
78%
Macedonia Północna
78%
Nowa Zelandia
78%
Kuba
78%
Kosowo
78%
Islandia
77%
Kongo
77%
Andora
77%
Wenezuela
77%
Algieria
77%
Izrael
76%
Czarnogóra
76%
Nigeria
75%
Pakistan
75%
Paragwaj
75%
Afganistan
75%
Liechtenstein
74%
Oman
73%
Panama
73%
San Marino
73%
Libia
73%
Sudan
72%
Madagaskar
72%
Uzbekistan
72%
Gruzja
72%
Monako
72%
Dominika
71%
Wietnam
71%
Ekwador
70%
Malta
70%
Tajlandia
69%
Cypr
69%
Czad
69%
Etiopia
69%
Armenia
69%
Zjednoczone
Emiraty Arabskie
69%
Jemen
69%
Nepal
68%
Turkmenistan
68%
Tunezja
68%
Kenia
67%
Azerbejdżan
67%
Syria
67%
Tadżykistan
67%
Dominikana
66%
Gwinea
65%
Filipiny
65%
Wybrzeże Kości
Słoniowej
64%
Angola
63%
Kirgistan
63%
Malezja
63%
Somalia
63%
Sudan Południowy
62%
Senegal
62%
Katar
62%
Mali
62%
Kostaryka
62%
Laos
62%
Honduras
62%
Jamajka
61%
Liban
61%
Haiti
61%
Jordania
60%
Gujana
60%
Sri Lanka
60%
Zambia
60%
Zimbabwe
60%
Bangladesz
60%
Papua Nowa Gwinea
59%
Kambodża
59%
Bhutan
57%
Tanzania
56%
Mjanma
56%
Gwatemala
56%
Ghana
55%
Tajwan
55%
Uganda
54%
Republika
Środkowoafrykańska
54%
Nikaragua
54%
Mozambik
54%
Surinam
54%
Kamerun
54%
Erytrea
53%
Lesotho
53%
Mauretania
53%
Gwinea Równikowa
52%
Botswana
52%
Singapur
52%
Kuwejt
52%
Salwador
52%
Togo
52%
Malediwy
51%
Belize
50%
Namibia
50%
Liberia
50%
Bahamy
50%
Fidżi
50%
Gabon
49%
Republika Zielonego
Przylądka
48%
Seszele
48%
Rwanda
47%
Mikronezja
46%
Burkina Faso
46%
Gwinea Bissau
46%
Bahrajn
46%
Gambia
46%
Wyspy Marshalla
44%
Benin
44%
Dżibuti
43%
Trynidad i Tobago
42%
Wyspy Salomona
42%
Wyspy Świętego
Tomasza i Książęca
42%
Malawi
41%
Sierra Leone
41%
Barbados
41%
Eswatini
41%
Brunei
40%
Timor Wschodni
40%
Mauritius
39%
Burundi
39%
Komory
38%
Kiribati
38%
Antigua i Barbuda
37%
Palau
37%
Vanuatu
36%
Tonga
36%
Saint Lucia
36%
Tuvalu
35%
Saint Kitts i Nevis
35%
Grenada
35%
Saint Vincent i
Grenadyny
35%
Samoa
35%
Nauru
34%

Rozkład punktacji

Percentyl według liczby udzielonych odpowiedzi

Procent ludzi z każdym wynikiem

Twoja historia wyników

Nie rozwiązałeś tego quizu od ostatniego zresetowania